000 01546nam0a22002771 4500
001 rc\4769700
005 20250613070221.0
021 _aRU
_bРг4309-63
035 _a(NLR Aleph) 009000538
090 _a9304238
_c9304238
100 _a20130417d1963 |||y0rusy50 ca
101 0 _arus
102 _aRU
105 _ay z |||||
200 1 _aФормирование научного мировоззрения
_eК обсуждению на Всесоюз. конференции и респ. семинарах
_fИн-т философии Акад. наук СССР. Всесоюз. о-во по распространению полит. и науч. знаний. Науч. конференция "Закономерности формирования и развития духовной жизни ком. о-ва" (по материалам 4 т. коллективного труда "Социализм и коммунизм")
210 _aМосква
_cб. и.
_d1963
215 _a38 с.
_d22
333 _aНа правах рукописи
700 1 _aМолодцов
_bВ. С.
_f1900-1986
_gВасилий Сергеевич
711 1 2 _a"Закономерности формирования и развития духовной жизни коммунистического общества", научная конференция
_eМосква
_f1963
_9880048
_3RU\NLR\AUTH\880608197
801 0 _aRU
_bNLR
_gpsbo
801 1 _aRU
_bELAR
_2rusmarc
852 _aNLR
_j63-6/6348
942 _cBOOK
980 _aNB